[Event "Timisoara (Women)"]
[Site "Timisoara"]
[Date "1994.??.??"]
[Round "7"]
[White "Vajda, Szidonia"]
[Black "Skripchenko, Almira"]
[Result "1/2-1/2"]
[WhiteElo "2235"]
[BlackElo "2270"]

1.e4 c5 2.c3 Nf6 3.e5 Nd5 4.d4 cxd4 5.Nf3 Nc6 6.cxd4 d6 7.Bc4 Nb6 8.Bb3 dxe5
9.Nxe5 e6 10.Qf3 Qc7 11.Nxc6 bxc6 12.O-O Bd6 13.h3 O-O 14.Nc3 Bb7 15.Qg4 Kh8
16.Bg5 f5 17.Qh4 c5 18.dxc5 Bxc5 19.Kh1 e5 20.Rac1 Rac8 21.Rfd1 Bc6 22.Nd5 Nxd5
23.Bxd5 Qb6 24.Rxc5 Qxc5 25.Be7 Qc2 26.Bb3 Qxb2 27.Bxf8 Rxf8 28.Qe7 Re8 29.Qc5 Ba8
30.Qxa7 Qc3 31.Kh2 e4 32.Rd4 e3 33.fxe3 Qxe3 34.Qd7 Qe5+ 35.Kg1 f4 36.Rxf4 Qe3+
37.Rf2 Rf8 38.Qd2 Qc5 39.Kf1 Qb5+ 40.Kg1 Qc5 41.Bc2 Bd5 42.a4 Bc4 43.Bd1 Qa7
44.Bc2 Kg8 45.Bd1 Kh8 46.Qc2 Bb3 47.Qxb3 Rxf2 48.Kh2 Rf1 49.Bf3 Qc7+ 50.g3 Qa7
51.h4 Rf2+ 52.Kh3 h6 53.Qb7 Qxb7 54.Bxb7 Ra2 55.Bc6 h5 56.Be8 Kh7 57.Bxh5 Rxa4
58.Be8 Rb4 59.Bf7 Rd4 60.Be8 Kg8 61.Bg6 Kf8 62.Bh5 Ke7 63.Bf3 Kf6 64.Bb7 Ke5
65.Ba8 Kd6 66.Bb7 Kc5 67.Ba6 Rb4 68.Bf1 Kd4 69.Kg4 Ke3+ 70.Kf5 Kf3 71.h5 Kxg3
72.Kg6 Rg4+ 73.Kh7 Kh4 74.Be2 Re4 75.Bd3 Re3 76.Bg6 Re7 77.h6 gxh6+ 78.Kxh6 Re6
79.Kg7 Kg5 80.Bh7 Re7+ 81.Kh8  1/2-1/2

[Event "Timisoara (Women)"]
[Site "Timisoara"]
[Date "1994.??.??"]
[Round "9"]
[White "Vajda, Szidonia"]
[Black "Peptan, Corina"]
[Result "0-1"]
[WhiteElo "2235"]
[BlackElo "2255"]

1.e4 c5 2.c3 Nf6 3.e5 Nd5 4.d4 cxd4 5.Nf3 Nc6 6.Bc4 Nb6 7.Bb3 d5 8.exd6 dxc3
9.Nxc3 exd6 10.O-O Be7 11.Bf4 O-O 12.Qd3 Be6 13.Rfd1 d5 14.a3 Bf6 15.Rab1 Ne7
16.Nd4 Qd7 17.Bc2 g6 18.Qe2 Bg4 19.f3 Bf5 20.Nxf5 Nxf5 21.Bxf5 Qxf5 22.Bc7 Rfe8
23.Qf2 Bxc3 24.bxc3 Nc4 25.Rxb7 Re3 26.Rb5 Rxc3 27.Qd4 Rc2 28.Rxd5 Qe6 29.Rd8+ Rxd8
30.Qxd8+ Kg7 31.Qd4+ Qf6 32.Qe4 Qb2 33.f4 Re2 34.Qd5 Qc2 35.Bb8 Rxg2+ 36.Qxg2 Qxd1+
37.Kf2 Qc2+ 38.Kg3 Qb3+ 39.Qf3 Qxf3+ 40.Kxf3 a6 41.a4 Kf6 42.Ke4 Nb6 43.a5 Nc4
44.Bc7 Ke6 45.Kd4 Kd7 46.Kxc4 Kxc7 47.Kd5 Kd7 48.Kc5 h6 49.h4 f6 50.Kb6 g5
51.hxg5 hxg5 52.fxg5 fxg5 53.Kxa6 Kc7 54.Ka7 g4 55.a6 g3 56.Ka8 g2 57.a7 Kb6  0-1

[Event "SVK-ch"]
[Site "Topolcianky"]
[Date "1994.??.??"]
[Round "4"]
[White "Turcan, Milan"]
[Black "Timoshenko, Georgy"]
[Result "0-1"]
[WhiteElo "2210"]
[BlackElo "2520"]

1.e4 c5 2.c3 Nf6 3.e5 Nd5 4.Bc4 Nb6 5.Bb3 d5 6.d4 cxd4 7.cxd4 Nc6 8.Nf3 Bg4
9.Be3 e6 10.O-O Be7 11.Nc3 O-O 12.h3 Bh5 13.Ne2 Bxf3 14.gxf3 Bg5 15.Qd2 Bxe3
16.Qxe3 Qh4 17.Kh2 Ne7 18.Rg1 Nf5 19.Qd3 Qxf2+ 20.Rg2 Qe3 21.Qxe3 Nxe3 22.Rgg1 a5
23.Rac1 a4 24.Bc2 Nbc4 25.b3 Nd2 26.Kg3 Rfc8 27.Nc3 Rxc3 28.Bxh7+ Kxh7 29.Rxc3 Nf5+  0-1

[Event "US National op"]
[Site "?"]
[Date "1994.??.??"]
[Round "?"]
[White "Mortazavi, Ali"]
[Black "Frias, Victor J"]
[Result "1-0"]
[WhiteElo "2390"]
[BlackElo "2480"]

1.e4 c5 2.c3 Nf6 3.e5 Nd5 4.Nf3 e6 5.d4 cxd4 6.Bc4 Nb6 7.Bb3 d6 8.exd6 Nc6
9.cxd4 Bxd6 10.Nc3 O-O 11.O-O Nb4 12.Ne4 Be7 13.a3 N4d5 14.Bc2 Nd7 15.Qd3 N7f6
16.Neg5 g6 17.Ne5 Nd7 18.Qg3 Nxe5 19.dxe5 Bd7 20.Ne4 Qb6 21.Bg5 Bxg5 22.Qxg5 Qxb2
23.Nf6+ Nxf6 24.exf6 h6 25.Qf4 Kh7 26.Qd2 Qb5 27.Rab1 Qd5 28.Qxd5 exd5 29.Rxb7 Bc6
30.Re7 Bb5 31.Rd1 Rac8 32.Bb1 a6 33.h4 Kg8 34.g4 Rc6 35.g5 Rc4 36.f3 Rxh4
37.Rxd5 Rf4 38.Rd6 hxg5 39.Kg2 Bc4 40.Kg3 Be6 41.Bxg6 Rxf6 42.Be4 Rb8 43.Rxa6 Rb3
44.Ra5 g4 45.Re8+ Kg7 46.Rg5+ Kh6 47.Kh4  1-0

[Event "Val Thorens Principal"]
[Site "Val Thorens"]
[Date "1994.??.??"]
[Round "3"]
[White "Nelis, Jean Francois"]
[Black "Ungureanu, Emil"]
[Result "1/2-1/2"]
[WhiteElo "2240"]
[BlackElo "2320"]

1.e4 c5 2.c3 Nf6 3.e5 Nd5 4.d4 cxd4 5.Nf3 e6 6.cxd4 b6 7.Nc3 Nxc3 8.bxc3 Qc7
9.Bd2 Be7 10.Bd3 Ba6 11.Bxa6 Nxa6 12.Qe2 Qb7 13.O-O Nc7 14.a4 O-O 15.c4 Rfc8
16.h4 Ne8 17.a5 d5 18.exd6 Nxd6 19.axb6 axb6 20.Rxa8 Rxa8 21.Bb4 Rc8 22.Bxd6 Bxd6
23.Rb1 Qc7 24.g3 h6 25.Kg2 Qxc4 26.Qxc4 Rxc4 27.Rxb6 Bc7 28.Rb5 Bd6 29.h5  1/2-1/2

[Event "Val Thorens Principal"]
[Site "Val Thorens"]
[Date "1994.??.??"]
[Round "4"]
[White "Carlier, Bruno"]
[Black "Olivier, Jean Christophe"]
[Result "1/2-1/2"]
[WhiteElo "2365"]
[BlackElo "2310"]

1.e4 c5 2.c3 Nf6 3.e5 Nd5 4.Nf3 Nc6 5.Bc4 Nb6 6.Be2 d6 7.exd6 Qxd6 8.d4 cxd4
9.Nxd4 Nxd4 10.cxd4 Nd5 11.O-O g6 12.Bf3 Bg7 13.Nc3 Nxc3 14.bxc3 O-O 15.Qb3 Rb8
16.Re1 Re8 17.Qa4 Bf5 18.Qxa7 e5 19.Be3 e4 20.Be2 Ra8 21.Qc5 Qxc5 22.dxc5 Bxc3
23.Bb5 Red8 24.a4 Bd7 25.Rac1 Bxe1 26.Rxe1 Bc6 27.g4 f6 28.h4 Kg7 29.Kg2 Rd7
30.Kg3 h6 31.g5 fxg5 32.hxg5 h5 33.Rb1 Re8 34.Rb4 Re6 35.Bf1 Re8 36.a5 Ra8
37.a6 bxa6 38.Rb6 Bb5 39.c6 Rc7 40.Bd4+ Kf8 41.Bxb5 axb5 42.Be5 Rcc8 43.c7 Ke7
44.Kf4 Rg8 45.Kxe4 Kd7 46.Rxb5 Ra2 47.f4 Ra4+ 48.Kd5 Rga8 49.Rc5 Rc8 50.Rc1 Ra5+
51.Ke4 Ra4+ 52.Kf3 Ra3+ 53.Kg2 Rd3 54.Ra1 Rd5 55.Ra6 Rg8 56.Kf3 Rc5 57.Ke4 Rc1
58.Rd6+ Kc8 59.Rd2 Re8 60.Kd5 Re7 61.Ra2 Rd1+ 62.Kc4 Rc1+ 63.Kd3 Rd1+ 64.Ke2 Rxe5+
65.Kxd1 Rf5 66.Ra6 Kxc7 67.Rxg6 Rxf4 68.Ke2 Rg4 69.Kf3  1/2-1/2

[Event "Val Thorens Principal"]
[Site "Val Thorens"]
[Date "1994.??.??"]
[Round "6"]
[White "Winants, Luc"]
[Black "Solonar, Stephan"]
[Result "1/2-1/2"]
[WhiteElo "2500"]
[BlackElo "2400"]

1.e4 c5 2.c3 Nf6 3.e5 Nd5 4.Nf3 Nc6 5.Bc4 Nb6 6.Be2 g6 7.d4 cxd4 8.cxd4 d6
9.exd6 Qxd6 10.Nc3 Bg7 11.Nb5 Qd8 12.d5 Nb4 13.d6 N6d5 14.Bg5 f6 15.Bh4 a6
16.dxe7 Qxe7 17.Nc3 Nf4 18.O-O Nxe2+ 19.Nxe2 O-O 20.Ned4 Qf7 21.Re1 Bd7 22.Qd2 Nd5  1/2-1/2

[Event "Valby"]
[Site "Valby"]
[Date "1994.??.??"]
[Round "4"]
[White "Schandorff, Lars"]
[Black "Thorhallsson, Throstur"]
[Result "1-0"]
[WhiteElo "2430"]
[BlackElo "2470"]

1.e4 c5 2.c3 Nf6 3.e5 Nd5 4.Nf3 e6 5.Bc4 Nc6 6.d4 Nb6 7.Bb3 d5 8.exd6 cxd4
9.cxd4 Bxd6 10.O-O O-O 11.Nc3 Be7 12.Bf4 Na5 13.Bc2 Nd5 14.Nxd5 Qxd5 15.Re1 Nc6
16.Qd3 g6 17.Bb3 Qd8 18.Bh6 Re8 19.Rad1 Bf6 20.Qe4 Bd7 21.Ne5 Qe7 22.Qf4 Rad8
23.Ng4 Bg7 24.Bg5 f6 25.Nxf6+ Bxf6 26.Qxf6 Qxf6 27.Bxf6 Rc8 28.d5 exd5 29.Bxd5+ Kf8
30.h3 b6 31.Bc3 a5 32.Rxe8+ Rxe8 33.Bf3 Ke7 34.a3 Rc8 35.Bd2 Be6 36.Bf4 a4
37.Rd6 Bd7 38.Rd2 b5 39.h4 Be6 40.h5 Na5 41.Re2 Re8 42.Re5 Nb3 43.Be3  1-0

[Event "Balkaniad"]
[Site "Varna"]
[Date "1994.??.??"]
[Round "4"]
[White "Dimov, Dian"]
[Black "Halkias, Stelios"]
[Result "1-0"]
[WhiteElo "2350"]
[BlackElo "2120"]

1.e4 c5 2.c3 Nf6 3.e5 Nd5 4.d4 cxd4 5.Nf3 Nc6 6.Bc4 Nb6 7.Bb3 d5 8.exd6 Qxd6
9.O-O Be6 10.Bxe6 Qxe6 11.Nxd4 Nxd4 12.Qxd4 Rd8 13.Qh4 Qe2 14.Be3 Qxb2 15.Nd2 Rxd2
16.Rab1 Qc2 17.Bxd2 Qxd2 18.Rfd1 Qh6 19.Qg3 f5 20.Qb8+ Kf7 21.Qxa7 Nc8 22.Qxb7 Nd6
23.Qa8 g5 24.Rb8 Qf6 25.Re1 Ne4 26.Qd5+ e6 27.Qa8 Qxc3 28.Rd1 Qc5 29.Rb7+ Kf6
30.Qd8+ Ke5 31.Rb5 Qxb5 32.Qd4+ Kf4 33.Qe3+ Kg4 34.Qf3+  1-0

[Event "Velden op"]
[Site "Velden"]
[Date "1994.??.??"]
[Round "7"]
[White "Praznik, Niko"]
[Black "Wegerer, Fred"]
[Result "0-1"]
[WhiteElo "2075"]
[BlackElo "2330"]

1.e4 c5 2.c3 Nf6 3.e5 Nd5 4.d4 cxd4 5.Nf3 Nc6 6.Bc4 Nb6 7.Bb3 d5 8.exd6 Qxd6
9.Na3 a6 10.Nxd4 Nxd4 11.cxd4 Be6 12.O-O Bd5 13.Be3 e6 14.Rc1 Be7 15.Qg4 O-O
16.Rc3 f5 17.Qf4 Qd8 18.Qc7 Bb4 19.Rc2 Rf7 20.Qxd8+ Rxd8 21.f3 Be7 22.Nc4 Nxc4
23.Bxc4 Bxc4 24.Rxc4 Bf6 25.b3 Rfd7 26.Rb4 b5 27.a4 Be7 28.Bd2 Bxb4 29.Bxb4 Rxd4
30.Ba5 R8d5 31.Re1 Kf7 32.axb5 Rxb5 33.b4 Rbd5 34.Kf2 Rd2+ 35.Kg3 Rc2  0-1

[Event "Vienna op"]
[Site "Vienna"]
[Date "1994.??.??"]
[Round "2"]
[White "Srch, Josef"]
[Black "Pavasovic, Dusko"]
[Result "0-1"]
[WhiteElo "2190"]
[BlackElo "2425"]

1.e4 c5 2.c3 Nf6 3.d3 e6 4.g3 d5 5.e5 Nfd7 6.f4 h5 7.Nf3 Be7 8.Bg2 h4 9.O-O Nc6
10.Nbd2 b6 11.Re1 Qc7 12.Nf1 Bb7 13.a3 O-O-O 14.d4 c4 15.Be3 h3 16.Bh1 f5
17.Ng5 Bxg5 18.fxg5 Nf8 19.Nd2 Na5 20.Rf1 Bc6 21.Rf2 Qd7 22.Bf3 Ba4 23.Qf1 Qb5
24.Qc1 Ng6 25.Be2 Rdf8 26.b4 Nc6 27.Bd1 Nce7 28.Bxa4 Qxa4 29.Qd1 Qxd1+ 30.Rxd1 f4
31.Bxf4 Nxf4 32.Rxf4 Rxf4 33.gxf4 Rh4 34.Kf2 Rxf4+ 35.Kg3 Rf5 36.Nf3 Ng6
37.Re1 Nf4 38.Nh4 Rf7 39.Re3 Kd7 40.Kg4 Ke8 41.Rf3 Ne2 42.Re3 Rf2 43.Kxh3 Ng1+
44.Kg3 Rc2 45.Ng6 Rxc3 46.Rxc3 Ne2+ 47.Kf3 Nxc3 48.Nf4 Ke7 49.h4 Nb5 50.Ne2 Nxa3
51.h5 Nb5 52.Ke3 a5 53.bxa5 bxa5 54.g6 a4 55.Kd2 a3 56.Kc2 Kf8  0-1

[Event "Vienna op"]
[Site "Vienna"]
[Date "1994.??.??"]
[Round "2"]
[White "Schmitz, Andreas"]
[Black "Stanec, Nikolaus"]
[Result "0-1"]
[WhiteElo "2190"]
[BlackElo "2445"]

1.e4 c5 2.c3 Nf6 3.e5 Nd5 4.d4 cxd4 5.cxd4 e6 6.Nc3 Nxc3 7.bxc3 d6 8.exd6 Bxd6
9.Nf3 Nc6 10.Bd3 Qc7 11.O-O Ne7 12.Ba3 Bxa3 13.Qa4+ Bd7 14.Qxa3 Bc6 15.Ne5 O-O
16.Nxc6 Nxc6 17.f4 Ne7 18.f5 exf5 19.Bxf5 Nd5 20.Rf3 Rae8 21.Qc1 Qd6 22.Qd2 Re7
23.Raf1 Rfe8 24.Bd3 Ne3 25.Rb1 a6 26.Rh3 g6 27.Qf2 f5 28.Qh4 Qc6 29.d5 Qxc3
30.Bf1 Qc5 31.Qb4 Qxb4 32.Rxb4 b5 33.d6 Rd7 34.Rd4 Re6 35.a4 Nxf1 36.axb5 axb5
37.Kxf1 Rexd6 38.Rb4 Rd1+ 39.Kf2 R7d2+ 40.Kg3 Rd3+ 41.Kh4 Rd4+ 42.Rxd4 Rxd4+  0-1

[Event "Vienna op"]
[Site "Vienna"]
[Date "1994.??.??"]
[Round "4"]
[White "Novak, Ivan"]
[Black "Van Wely, Loek"]
[Result "1/2-1/2"]
[WhiteElo "2305"]
[BlackElo "2560"]

1.e4 c5 2.c3 Nf6 3.d3 Nc6 4.Be2 d5 5.Nd2 e5 6.Ngf3 Be7 7.O-O O-O 8.a3 Be6
9.b4 a6 10.Bb2 b5 11.bxc5 dxe4 12.dxe4 Bxc5 13.c4 bxc4 14.Nxe5 Nxe5 15.Bxe5 Nd7
16.Bc3 Nb6 17.Ra2 Qd6 18.Qa1 f6 19.e5 Qc6 20.exf6 gxf6 21.Rc2 Ra7 22.Bb4 Rg7
23.Bf3 Bd5 24.Qc3 Bxb4 25.axb4 Kh8 26.g3 Bxf3 27.Qxf3 Qb5 28.Rfc1 Qxb4  1/2-1/2

[Event "Vienna op"]
[Site "Vienna"]
[Date "1994.??.??"]
[Round "5"]
[White "Raubal, Martin"]
[Black "Link, Michael"]
[Result "0-1"]
[WhiteElo "2185"]
[BlackElo "2280"]

1.e4 c5 2.c3 Nf6 3.e5 Nd5 4.d4 cxd4 5.Nf3 e6 6.cxd4 d6 7.a3 Bd7 8.Bd3 Bc6
9.O-O Nd7 10.b4 a6 11.Qe2 Qc7 12.Bd2 dxe5 13.dxe5 g6 14.Ra2 Bg7 15.Re1 O-O
16.Rc2 Qb6 17.h4 Ba4 18.Rcc1 Rfc8 19.h5 Bb5 20.Nc3 Nxc3 21.Bxc3 Bc6 22.hxg6 hxg6
23.Nh2 Rc7 24.Qg4 Bb5 25.Bd4 Rxc1 26.Rxc1 Qd8 27.Bxg6 Rc8 28.Rd1 fxg6 29.Qxe6+ Kf8
30.Qxg6 Qe7 31.Ng4 Rc6 32.Qf5+ Qf7 33.Qe4 Rg6 34.Bc5+ Kg8 35.Nf6+ Bxf6 36.exf6 Bc6
37.Qe7 Rxg2+ 38.Kf1 Qc4+ 39.Ke1 Rg1+ 40.Kd2 Qa2+ 41.Ke3 Qb3+ 42.Kf4 Qf3+  0-1

[Event "Vienna op"]
[Site "Vienna"]
[Date "1994.??.??"]
[Round "6"]
[White "Lehner, Oliver"]
[Black "Popovic, Petar"]
[Result "1/2-1/2"]
[WhiteElo "2315"]
[BlackElo "2520"]

1.e4 c5 2.c3 Nf6 3.e5 Nd5 4.d4 cxd4 5.Nf3 Nc6 6.Bc4 Nb6 7.Bb3 d5 8.exd6 Qxd6
9.O-O Be6 10.Na3 dxc3 11.Nb5 Qxd1 12.Rxd1 Rc8 13.Bxe6 fxe6 14.bxc3 g6 15.Ng5 e5
16.Be3 Bh6 17.Ne6 Bxe3 18.Nbc7+ Kf7 19.fxe3 g5 20.e4 Kg6 21.Rf1 Nd8 22.Rf5 Nxe6
23.Nxe6 h6 24.Raf1 Nd7 25.Rf7 Rh7 26.Rxh7 Kxh7 27.Rf7+ Kg6 28.Rxe7 Nc5  1/2-1/2

[Event "Vienna op"]
[Site "Vienna"]
[Date "1994.??.??"]
[Round "7"]
[White "Pavasovic, Dusko"]
[Black "Kaplan, Lael"]
[Result "1-0"]
[WhiteElo "2425"]
[BlackElo "2195"]

1.e4 c5 2.c3 Nf6 3.e5 Nd5 4.d4 cxd4 5.Nf3 Nc6 6.cxd4 d6 7.Bc4 Nb6 8.Bb3 dxe5
9.d5 Na5 10.Nc3 Nxb3 11.Qxb3 g6 12.Nxe5 Bg7 13.Bf4 O-O 14.Rd1 Bf5 15.O-O Rc8
16.Rfe1 Re8 17.h3 Bxe5 18.Bxe5 Nc4 19.Qxb7 Qb6 20.Qxb6 axb6 21.Re2 Nxe5 22.Rxe5 f6
23.Re2 Kf7 24.d6 exd6 25.Rxe8 Rxe8 26.Rxd6 Re1+ 27.Kh2 Re6 28.Rd7+  1-0

[Event "Vladivostok"]
[Site "Vladivostok"]
[Date "1994.??.??"]
[Round "9"]
[White "Sveshnikov, Evgeny"]
[Black "Saltaev, Mihail"]
[Result "0-1"]
[WhiteElo "2585"]
[BlackElo "2485"]

1.e4 c5 2.c3 Nf6 3.e5 Nd5 4.Nf3 e6 5.Bc4 d6 6.d4 cxd4 7.cxd4 Be7 8.O-O O-O
9.Nc3 Nxc3 10.bxc3 Nc6 11.Bd3 dxe5 12.dxe5 Qa5 13.Qc2 g6 14.Re1 Rd8 15.Rb1 Rb8
16.Bf4 Bd7 17.Nd2 Be8 18.Nc4 Qc7 19.Nd6 Nxe5 20.Nxf7 Bxf7 21.Bxe5 Bd6 22.Bxd6 Rxd6
23.h4 Qd8 24.Be4 b6 25.Qa4 Qd7 26.Qa3 Rc8 27.Bf3 Rc5 28.Rbd1 a5 29.Qc1 Qc7
30.Rxd6 Qxd6 31.Rd1 Qe5 32.Rd3 Kg7 33.g3 Rc7 34.Qb2 b5 35.Re3 Qf6 36.a3 Rc5
37.Qd2 Qe7 38.Rd3 Rc4 39.h5 gxh5 40.Rd7 Qc5 41.Bd5 Rg4 42.Qe2 exd5 43.Qe5+ Kg6
44.Rd6+ Qxd6 45.Qxd6+ Kg7 46.Qe5+ Kg6 47.f4 Rxg3+ 48.Kf2 h4 49.f5+ Kh5 50.Qh8  0-1

[Event "Wattens op"]
[Site "Wattens"]
[Date "1994.??.??"]
[Round "9"]
[White "Hoellrigl, Wilfried"]
[Black "Baerner, Helmut"]
[Result "0-1"]
[WhiteElo "2220"]
[BlackElo "1955"]

1.e4 c5 2.c3 Nf6 3.e5 Nd5 4.d4 cxd4 5.Nf3 d6 6.cxd4 e6 7.Bc4 Nb6 8.Bd3 Bd7
9.O-O Nc6 10.Nc3 d5 11.Qe2 Nb4 12.Bb1 Na4 13.a3 Nxc3 14.bxc3 Nc6 15.Ng5 Be7
16.Qh5 g6 17.Qg4 Qc7 18.Qf3 O-O-O 19.Qd3 Be8 20.Ba2 h6 21.Nf3 Na5 22.Nd2 Kb8
23.c4 dxc4 24.Qc3 Bc6 25.Bb2 Bd5 26.Rab1 Rc8 27.f3 Nb3 28.Rf2 Qa5 29.Qxa5 Nxa5
30.Bc3 Nb3 31.a4 Rhd8 32.Ne4 b6 33.Nd2 Kb7 34.Nf1 a5 35.Ne3 Bb4 36.Bxb4 axb4
37.Nc2 Bc6 38.Bxb3 cxb3 39.Nxb4 Bxa4 40.Ra1 Bb5 41.Rb2 Rc3 42.Rab1 Bc4 43.Rd2 Ra8
44.d5 exd5 45.Nxd5 Bxd5 46.Rxd5 Rac8 47.Kf2 Kc6 48.Rd6+ Kb7 49.Rd4 b5 50.Rb4 Kb6
51.R4xb3 Rxb3 52.Rxb3 Rc7 53.Rb2 Ka5 54.Ra2+ Kb4 55.Ra6 Re7 56.f4 Kc4 57.Rb6 b4
58.Ke2 Ra7 59.Rc6+ Kd5 60.Rb6 Kc5 61.Rb8 Kc4  0-1

[Event "Wattens op"]
[Site "Wattens"]
[Date "1994.??.??"]
[Round "9"]
[White "Kirchmair, Kurt"]
[Black "Buchholz, Karl"]
[Result "1/2-1/2"]
[WhiteElo "1745"]
[BlackElo "1875"]

1.e4 c5 2.c3 Nf6 3.Qc2 d6 4.Nf3 a6 5.h3 Nc6 6.d4 cxd4 7.cxd4 Bd7 8.Bd2 Rc8
9.Qd3 Qb6 10.Bc3 d5 11.Nbd2 Nb4 12.Qb1 dxe4 13.Nxe4 Nbd5 14.Bd3 Nxe4 15.Bxe4 Nxc3
16.bxc3 Qxb1+ 17.Rxb1 b5 18.Bb7 Rxc3 19.Bxa6 f6 20.O-O  1/2-1/2

[Event "WchT Silent"]
[Site "?"]
[Date "1994.??.??"]
[Round "4"]
[White "Nedev, Georgi"]
[Black "Varga, Annamaria"]
[Result "0-1"]
[WhiteElo "2340"]
[BlackElo "2070"]

1.e4 c5 2.c3 Nf6 3.e5 Nd5 4.d4 cxd4 5.cxd4 d6 6.Nf3 Nc6 7.Bc4 Nb6 8.Bb5 dxe5
9.Bxc6+ bxc6 10.Nxe5 Bb7 11.O-O e6 12.Nc3 Be7 13.Qf3 Bf6 14.Rd1 O-O 15.Be3 Rc8
16.Rac1 Qe7 17.Qg3 c5 18.dxc5 Bxe5 19.Qxe5 Nc4 20.Qf4 Nxe3 21.Qxe3 Rxc5 22.f3 h6
23.Rd2 Qc7 24.Rcd1 Rh5 25.g3 Bc6 26.Ne2 Rd5 27.Rxd5 Bxd5 28.Nc3 Ba8 29.Kf2 a6
30.Rd2 g5 31.Ne4 Bxe4 32.Qxe4 Qc1 33.Qe1 Qc4 34.b3 Qc6 35.Qe3 Rc8 36.Qd4 Qc1
37.Kg2 e5 38.Qe3 Rc2  0-1

[Event "Werfen op"]
[Site "Werfen"]
[Date "1994.??.??"]
[Round "?"]
[White "Wuppinger, Manfred"]
[Black "Brandstaetter, Friedrich"]
[Result "1-0"]
[WhiteElo "2255"]
[BlackElo "2105"]

1.e4 c5 2.c3 Nf6 3.e5 Nd5 4.d4 cxd4 5.Qxd4 e6 6.Nf3 Nc6 7.Qe4 d6 8.Bb5 Bd7
9.exd6 Bxd6 10.Qg4 Nf6 11.Qh4 Qc7 12.Be3 Nd5 13.Nbd2 Be7 14.Qh5 g6 15.Qh6 Bf8
16.Qh4 Nxe3 17.fxe3 Bg7 18.O-O O-O 19.Ng5 h6 20.Nge4 Qe5 21.Bd3 f5 22.Nc4 Qd5
23.Nf2 Ne5 24.Nxe5 Qxe5 25.Rae1 Qf6 26.Qg3 Bc6 27.Bc4 Kh7 28.h4 Rad8 29.Rd1 Qe7
30.Nh3 e5 31.Bb3 Bf6 32.h5 Rg8 33.Bxg8+ Rxg8 34.Qf2 gxh5 35.Qxf5+ Rg6 36.e4 Kg7
37.b4 Rg4 38.Qxf6+ Qxf6 39.Rxf6 Kxf6 40.Nf2 Rg7 41.Rd6+ Kg5 42.Nh3+ Kg4 43.Rf6 Kh4
44.Kh2 Bxe4 45.Rf2 Rg3 46.Re2 Bxg2 47.Ng1 Bc6 48.b5 Bxb5 49.Re4+ Kg5 50.Kxg3 Kf5
51.Rh4 Bc6 52.Nf3 Be8 53.Nd2 Ke6 54.Kf3 Kd5 55.Ke3 Bg6 56.Rb4 b6 57.Rb5+ Ke6
58.Nf3 e4 59.Nd2 h4 60.Nxe4 h3 61.Ng3  1-0

[Event "Werfen op"]
[Site "Werfen"]
[Date "1994.??.??"]
[Round "?"]
[White "Wuppinger, Manfred"]
[Black "Ljubic, Juro"]
[Result "1-0"]
[WhiteElo "2255"]
[BlackElo "2165"]

1.e4 c5 2.c3 Nf6 3.e5 Nd5 4.d4 cxd4 5.Qxd4 e6 6.Nf3 Nc6 7.Qe4 d6 8.Nbd2 dxe5
9.Nxe5 Bd6 10.Bb5 Bxe5 11.Qxe5 O-O 12.Bxc6 bxc6 13.Ne4 Ba6 14.Qg3 Kh8 15.b3 Nf6
16.Nc5 Qa5 17.Nxa6 Qxa6 18.c4 Ne4 19.Qe5 Nf6 20.O-O Nd7 21.Qg3 e5 22.Rd1 Rad8
23.Bb2 f6 24.a4 Rfe8 25.Ba3 Qb7 26.h4 a5 27.h5 h6 28.Rd6 Nf8 29.Rxd8 Rxd8
30.Bxf8 Rxf8 31.Rd1 Rb8 32.Rd3 Qc7 33.Qg6 Rd8 34.Rg3 Qe7 35.Qf5 Qd7 36.Qxd7 Rxd7
37.Kf1 Kg8 38.Ke2 Kf7 39.Rd3 Rb7 40.Kd2 f5 41.Kc3 Ke7 42.Rg3 Kf7 43.Rg6 Rc7
44.b4 axb4+ 45.Kxb4 e4 46.g4 f4 47.Rd6 e3 48.fxe3 fxe3 49.Rd1 Kf6 50.Re1 Re7
51.a5 Kg5 52.a6 Kxg4 53.Kc5 Kxh5 54.Kxc6 Kg4 55.c5 Kf3 56.Kb6 Kf2 57.Ra1 e2
58.a7 Re8 59.c6 g5 60.Kb7 g4 61.c7 e1=Q 62.Rxe1 Rxe1 63.a8=Q Rb1+ 64.Kc8  1-0

[Event "Werfen op"]
[Site "Werfen"]
[Date "1994.??.??"]
[Round "?"]
[White "Wuppinger, Manfred"]
[Black "Rockenschaub, Manfred"]
[Result "0-1"]
[WhiteElo "2255"]
[BlackElo "2280"]

1.e4 c5 2.c3 Nf6 3.e5 Nd5 4.d4 cxd4 5.Qxd4 e6 6.Nf3 Nc6 7.Qe4 d6 8.Nbd2 dxe5
9.Nxe5 Bd6 10.Ndc4 Nxe5 11.Nxe5 O-O 12.Nf3 Bd7 13.Bd3 f5 14.Qd4 Bc6 15.Bg5 Qc7
16.Bc4 h6 17.Bd2 a5 18.Qh4 b5 19.Be2 e5 20.O-O-O a4 21.Bxh6 a3 22.Bxg7 axb2+
23.Kc2 Qxg7 24.Bxb5 b1=Q+ 25.Rxb1 Rxa2+ 26.Rb2 Rxb2+ 27.Kxb2 Bxb5 28.Rd1 Rb8
29.Kc1 e4 30.Nd4 Bf4+  0-1

[Event "Werfen op"]
[Site "Werfen"]
[Date "1994.??.??"]
[Round "?"]
[White "Janovsky, Sergey"]
[Black "Kountz, Jochen"]
[Result "1-0"]
[WhiteElo "2445"]
[BlackElo "2205"]

1.e4 c5 2.c3 Nf6 3.e5 Nd5 4.d4 cxd4 5.Nf3 Nc6 6.Bc4 Nb6 7.Bb3 d6 8.exd6 e6
9.cxd4 Bxd6 10.Nc3 O-O 11.O-O Be7 12.a3 Bd7 13.Qd3 Rc8 14.Bc2 g6 15.Bh6 Re8
16.Rad1 Nd5 17.Bc1 a6 18.Rfe1 Qc7 19.Bb1 Bf6 20.Ne4 Bg7 21.Neg5 Rcd8 22.Qe4 Bc8
23.Ne5 Nxe5 24.dxe5 h6 25.Nf3 Ne7 26.Rxd8 Rxd8 27.Qh4 g5 28.Qh5 Nf5 29.h4 gxh4
30.Bxf5 exf5 31.Bxh6 Bxh6 32.Qxh6 Qe7 33.Ng5 f6 34.Qxf6 Qxf6 35.exf6 f4 36.Re7 Bf5
37.Rxb7 Kf8 38.Kh2 f3 39.Nxf3 Be4 40.Rb3 Bxf3 41.Rxf3 a5 42.Rf4 Kf7 43.b4 h3
44.Kxh3 a4 45.g4 Rd3+ 46.Kg2 Rxa3 47.g5 Rd3 48.g6+ Kf8 49.Rh4  1-0

[Event "Zabrzanski Wrzesien op"]
[Site "Zabrzanski Wrzesien"]
[Date "1994.??.??"]
[Round "?"]
[White "Malecki, Rafal"]
[Black "Kazek, Krzysztof"]
[Result "0-1"]
[WhiteElo "2175"]
[BlackElo "2310"]

1.e4 c5 2.c3 Nf6 3.e5 Nd5 4.d4 cxd4 5.Nf3 e6 6.cxd4 b6 7.a3 Be7 8.Bd3 Ba6
9.O-O O-O 10.b4 Bxd3 11.Qxd3 Nc6 12.Bd2 d6 13.Rc1 Rc8 14.Ra2 Ncxb4 15.axb4 Rxc1+
16.Bxc1 Nxb4 17.Qd2 Nxa2 18.Qxa2 dxe5 19.Qxa7 exd4 20.Bb2 Bc5 21.Nbd2 Qd5
22.Qa6 e5 23.Qb5 Rd8 24.Nc4 d3 25.Kf1 e4 26.Nfd2 Qh5  0-1

[Event "Zabrzanski Wrzesien op"]
[Site "Zabrzanski Wrzesien"]
[Date "1994.??.??"]
[Round "?"]
[White "Osipow, Nikolaj"]
[Black "Struk, Jerzy"]
[Result "0-1"]
[WhiteElo "2225"]
[BlackElo "2150"]

1.e4 c5 2.c3 Nf6 3.e5 Nd5 4.d4 cxd4 5.Nf3 d6 6.Bc4 e6 7.exd6 Qxd6 8.O-O dxc3
9.bxc3 Nb6 10.Bd3 Be7 11.Ng5 Nc6 12.a4 Qd8 13.Ne4 O-O 14.Qe2 f5 15.a5 Nd5
16.Ng3 Nxa5 17.Qa2 Nc6 18.Rd1 Kh8 19.Bxf5 exf5 20.Rxd5 Qe8 21.Qa4 Qf7 22.Rd3 Be6
23.Nd2 Rad8 24.Rxd8 Rxd8 25.Qc2 g6 26.Bb2 Ne5 27.Rd1 Nd3 28.Nb3 Bxb3 29.Qxd3 Rxd3
30.Rxd3 f4 31.Ne4 Bc2 32.Ng5 Qa2  0-1

[Event "Ibercaja op"]
[Site "Zaragoza"]
[Date "1994.??.??"]
[Round "1"]
[White "Magem Badals, Jorge"]
[Black "Sanchez, Claudio"]
[Result "1-0"]
[WhiteElo "2505"]
[BlackElo "2340"]

1.e4 c5 2.c3 Nf6 3.e5 Nd5 4.g3 d6 5.exd6 exd6 6.Bg2 Nf6 7.Ne2 Be7 8.d4 O-O
9.O-O Bg4 10.Bxb7 Nbd7 11.Bg2 Re8 12.h3 Bxe2 13.Qxe2 d5 14.Qd1 Qc7 15.Na3 Rab8
16.Nc2 Bd6 17.Ne3 Nb6 18.Nf5 Rbc8 19.Nxd6 Qxd6 20.Bf4 Qf8 21.dxc5 Qxc5 22.Be3 Qb5
23.Rb1 Ne4 24.Bd4 Rc6 25.Re1 Rg6 26.b3 f5 27.g4 fxg4 28.hxg4 Nc8 29.f3 Ng5
30.Rxe8+ Qxe8 31.Bf2 Qe5 32.Qd4 Qc7  1-0

[Event "Ibercaja op"]
[Site "Zaragoza"]
[Date "1994.??.??"]
[Round "7"]
[White "Kurajica, Bojan"]
[Black "San Segundo, Pablo"]
[Result "1/2-1/2"]
[WhiteElo "2565"]
[BlackElo "2470"]

1.e4 c5 2.c3 Nf6 3.e5 Nd5 4.d4 cxd4 5.Bc4 Nb6 6.Bb3 d6 7.exd6 Qxd6 8.cxd4 Be6
9.Nc3 Bxb3 10.Qxb3 e6 11.Nf3 Be7 12.O-O O-O 13.Rd1 Nc6 14.d5 exd5 15.Be3 Qb4
16.Qxb4 Bxb4 17.Bxb6 axb6 18.Nxd5 Bc5 19.a3 Rfd8 20.Nc7 Rac8 21.Nb5 Be7 22.Rac1 Bf6
23.b4 Bb2 24.Rb1 Ne5 25.Nd6 Nxf3+ 26.gxf3 Rc2 27.Nb5 Rdd2 28.Rxd2 Rxd2 29.Re1 Kf8
30.Re4 Rd3 31.Rc4 Bxa3 32.Rc8+ Ke7 33.Nxa3 Rxa3 34.Rc7+ Ke6  1/2-1/2

[Event "Zuerich op"]
[Site "Zuerich"]
[Date "1994.??.??"]
[Round "?"]
[White "Neuschmied, Siegfried"]
[Black "Wyss, Thomas"]
[Result "1-0"]
[WhiteElo "2265"]
[BlackElo "2215"]

1.e4 c5 2.c3 Nf6 3.e5 Nd5 4.Nf3 e6 5.Bc4 d6 6.O-O Nc6 7.d4 Be7 8.exd6 Qxd6
9.Qe2 cxd4 10.cxd4 O-O 11.Nc3 Nf6 12.Nb5 Qd8 13.Rd1 a6 14.Nc3 Nb4 15.Ne5 b5
16.Bb3 Bb7 17.a4 Nbd5 18.Bg5 Nxc3 19.bxc3 Ne4 20.Bxe7 Qxe7 21.Qe3 Rac8 22.Rdc1 b4
23.cxb4 Qxb4 24.Bc4 Nd6 25.Rcb1 Qa5 26.Be2 Rc3 27.Qf4 Qc7 28.Bf1 Rd8 29.a5 Nb5
30.Ra4 Bc6 31.Rc1 f6 32.Rxc3 Nxc3 33.Rc4 fxe5 34.Qg5 Ne4 35.Rxc6 Nxg5 36.Rxc7 exd4
37.Bd3 e5 38.h4 e4 39.Bc4+ Kh8 40.hxg5 d3 41.Bb3 d2 42.Kh2 g6 43.Bd1 Rd5
44.Rc8+ Kg7 45.Rc7+ Kf8 46.Rxh7 Ke8 47.Rh4  1-0

[Event "Zuerich op"]
[Site "Zuerich"]
[Date "1994.??.??"]
[Round "?"]
[White "Bianco, Valerio"]
[Black "Tukmakov, Vladimir B"]
[Result "0-1"]
[WhiteElo "2220"]
[BlackElo "2565"]

1.e4 c5 2.c3 Nf6 3.e5 Nd5 4.d4 cxd4 5.Nf3 Nc6 6.Bc4 Nb6 7.Bb3 d5 8.exd6 Qxd6
9.O-O Be6 10.Na3 dxc3 11.Qe2 Bxb3 12.axb3 c2 13.Nb5 Qb8 14.Qe4 e5 15.Bf4 Nd7
16.Rfe1 f6 17.Qxc2 Be7 18.Rad1 Nb6 19.Be3 O-O 20.Bxb6 axb6 21.Nh4 Rd8 22.Rc1 Rd7
23.Re3 Qe8 24.Nf5 Bf8 25.Rh3 Rad8 26.Qc4+ Qf7 27.Qg4 g6 28.Ne3 Qxb3 29.Nc3 Qf7
30.Rg3 Bg7 31.h4 f5  0-1